The use of forensic anthropology

Αποθηκεύτηκε σε:
Λεπτομέρειες βιβλιογραφικής εγγραφής
Άλλοι συγγραφείς: Pickering, Robert B. (Επιμελητής έκδοσης), Bachman, David C. (David Charles) (Επιμελητής έκδοσης)
Μορφή: Βιβλίο
Γλώσσα:English
Δημοσίευση: Boca Raton : CRC Press, c1997
Θέματα:
Ετικέτες: Προσθήκη ετικέτας
Δεν υπάρχουν, Καταχωρήστε ετικέτα πρώτοι!

MARC

LEADER 00000nam a2200000 i 4500
001 1/99219
008 000127s1997 eng d
020 |a 0-8493-8111-8 
035 |l 10056801 
040 |a GR-MY-UA  |b gre  |e aacr 
041 0 |a eng 
082 0 |a 614.1 
245 1 4 |a The use of forensic anthropology /  |c Robert B. Pickering and David C. Bachman 
260 |a Boca Raton :   |b CRC Press,   |c c1997 
300 |a 170 p.  |b fig. 
504 |a Includes bibliographical references and index 
650 0 0 |a Forensic anthropology. 
700 1 |a Pickering, Robert B.  |4 edt 
700 1 |a Bachman, David C.  |q (David Charles)  |4 edt 
852 |a INST  |b LESVOS  |e 20000127  |h 614.1 USE  |p 005100018765  |q 005100018765  |t BK  |y 0 
901 |a BIBL1-2000-1 
909 |a Λ  |b 071127 
922 |a 1ΕΛΗ  |b 199912  |c ΚΠΣ/ΤΚΑ  |d LEADER 
950 |a 117-1999-07-28 
970 |a ΜΟΥΣΤΑΚΑ  |b ΠΗΝΕΛΟΠΗ  |z 2000/01/31